Guatemala: el descalabro
Na minha lista:
| Formato: | Texto |
|---|---|
| Assuntos: | |
| Tags: |
Adicionar Tag
Sem tags, seja o primeiro a adicionar uma tag!
|
MARC
| LEADER | 00000 a a2200000 04500 | ||
|---|---|---|---|
| 001 | 18130 | ||
| 003 | |||
| 040 | |||
| 245 | |a Guatemala: |b el descalabro | ||
| 650 | |a ECONOMIA | ||
| 650 | |a SOCIEDAD | ||
| 650 | |a GUATEMALA | ||
| 773 | |g volumen 7, número 45; (1983) Página. 709 | ||
| 999 | |c 38960 |d 38960 | ||
| 773 | 0 | |0 42391 |9 4195 |a Agencia Latinoamericana de Información, ALAI |d Quito, Ecuador: ALAI |o 03960 |t ALAI: |x 08275564 (Servicio mensual de información y documentación) | |
